<?xml version="1.0" encoding="UTF-8"?>
<record
    xmlns:xsi="http://www.w3.org/2001/XMLSchema-instance"
    xsi:schemaLocation="http://www.loc.gov/MARC21/slim http://www.loc.gov/standards/marcxml/schema/MARC21slim.xsd"
    xmlns="http://www.loc.gov/MARC21/slim">

  <leader>01823nam a2200277 a 4500</leader>
  <controlfield tag="001">ASIN1848854609</controlfield>
  <controlfield tag="005">20170105102847.0</controlfield>
  <controlfield tag="008">130816s2012    xxu                 eng d</controlfield>
  <datafield tag="020" ind1=" " ind2=" ">
    <subfield code="a">1848854609 (hardcover)</subfield>
    <subfield code="c">$98.50</subfield>
  </datafield>
  <datafield tag="020" ind1=" " ind2=" ">
    <subfield code="a">9781848854604 (hardcover)</subfield>
  </datafield>
  <datafield tag="040" ind1=" " ind2=" ">
    <subfield code="a">0</subfield>
  </datafield>
  <datafield tag="050" ind1="0" ind2="4">
    <subfield code="a">DT82.5.I7</subfield>
  </datafield>
  <datafield tag="082" ind1="0" ind2="4">
    <subfield code="a">962.053</subfield>
  </datafield>
  <datafield tag="100" ind1="1" ind2=" ">
    <subfield code="a">Stein, Ewan.</subfield>
  </datafield>
  <datafield tag="245" ind1="1" ind2="0">
    <subfield code="a">Representing israel in modern egypt :</subfield>
    <subfield code="b">ideas, intellectuals and foreign policy from nasser to mubarak /</subfield>
    <subfield code="c">Ewan Stein.</subfield>
  </datafield>
  <datafield tag="260" ind1=" " ind2=" ">
    <subfield code="a">[S.l.] :</subfield>
    <subfield code="b">I. B. Tauris,</subfield>
    <subfield code="c">2012.</subfield>
  </datafield>
  <datafield tag="300" ind1=" " ind2=" ">
    <subfield code="a">320 p. ;</subfield>
    <subfield code="c">22 cm.</subfield>
  </datafield>
  <datafield tag="490" ind1="1" ind2=" ">
    <subfield code="a">Library of modern middle east studies.</subfield>
  </datafield>
  <datafield tag="520" ind1=" " ind2=" ">
    <subfield code="a">From the heady days of Nasser's Arab nationalism to the cold peace of the Mubarak era, the idea and reality of Israel has occupied a central position in Egyptian politics. Ewan Stein seeks to explain and historicize the state of "no war, no peace" that followed the 1979 Camp David Accords, examining the way in which domestic factors interact with global and regional shifts to shape attitudes to Israel in the Arab world's most populous country. Incorporating the writings of prominent political thinkers, this book looks at how approaches to Israel have been elaborated through broader ideologies - in particular liberal nationalism, Marxism, and Islamism. It argues that representations of Israel have reflected Egyptian conceptions of self. This book provides original and nuanced insights into the relationships between state, society, and foreign policy within the context of Egyptian nationalism and broader regional politics.</subfield>
  </datafield>
  <datafield tag="650" ind1=" " ind2="0">
    <subfield code="a">Egypt</subfield>
  </datafield>
  <datafield tag="650" ind1=" " ind2="0">
    <subfield code="a">International relations</subfield>
  </datafield>
  <datafield tag="650" ind1=" " ind2="0">
    <subfield code="a">Israel</subfield>
  </datafield>
  <datafield tag="830" ind1=" " ind2="0">
    <subfield code="a">Library of modern middle east studies.</subfield>
  </datafield>
  <datafield tag="856" ind1="4" ind2="0">
    <subfield code="3">Amazon.com</subfield>
    <subfield code="u">http://www.amazon.com/exec/obidos/ASIN/1848854609/chopaconline-20</subfield>
  </datafield>
  <datafield tag="942" ind1=" " ind2=" ">
    <subfield code="2">ddc</subfield>
    <subfield code="c">BK</subfield>
  </datafield>
  <datafield tag="999" ind1=" " ind2=" ">
    <subfield code="c">14098</subfield>
    <subfield code="d">14098</subfield>
  </datafield>
  <datafield tag="952" ind1=" " ind2=" ">
    <subfield code="0">0</subfield>
    <subfield code="1">0</subfield>
    <subfield code="4">0</subfield>
    <subfield code="7">0</subfield>
    <subfield code="8">NFIC</subfield>
    <subfield code="a">CIPS</subfield>
    <subfield code="b">CIPS</subfield>
    <subfield code="c">GEN</subfield>
    <subfield code="d">2013-08-16</subfield>
    <subfield code="l">0</subfield>
    <subfield code="o">962.053 STE 2012</subfield>
    <subfield code="p">CIPS0000290</subfield>
    <subfield code="r">2013-08-16</subfield>
    <subfield code="w">2013-08-16</subfield>
    <subfield code="y">BK</subfield>
  </datafield>
</record>
